Estados financieros bs̀icos bajo NIC-NIIF

Bibliographic Details
Main Author: Estupiǹ̨ Gaitǹ, Rodrigo
Format: eBook
Language:Spanish
Published: Bogot:̀ ECOE, 2017
Edition:Tercera edicin̤
Subjects:
Online Access:Acceso restringido

MARC

LEADER 00000nam a22000007a 4500
005 20220214211537.0
007 cr|||| ||||
008 220214s2017 co |||||s|||| 00||0 spa d
020 |a 978-958-771-467-8 
035 |a 35857 
040 |a vLex 
090 |c 12981  |d 12981 
100 1 |a Estupiǹ̨ Gaitǹ, Rodrigo 
245 1 0 |a Estados financieros bs̀icos bajo NIC-NIIF  |h [Recurso electrn̤ico] /  |c Rodrigo Estupiǹ̨ Gaitǹ 
250 |a Tercera edicin̤ 
256 |a Servicio en ln̕ea 
260 |a Bogot:̀  |b ECOE,  |c 2017 
300 |a 1 recurso electrn̤ico 
506 1 |a Disponible solo en los productos indicados  |d vLex Global  |d vLex Global (Academic Edition, excluding Law Schools)  |d vLex Global (U.S. Academic Edition, Law Schools)  |d vLex Global (U.S. Academic Edition, excluding Law Schools)  |d vLex Global (Academic Edition, Law Schools) 
650 0 4 |a Contabilidad  |z Colombia 
740 0 |a vLex Libros (Servicio en ln̕ea) 
856 4 0 |u Acceso restringido  |z Acceso restringido 
942 |c BOOK 
999 0 |a Accounting